International trade in conflict minerals: solutions for the EU regulatory framework

Regulačné rámce OECD a Európskej komisie pre spravodlivé rozdeľovanie konfliktných zdrojov. Analýza právnych návrhov regulácie a implikácie v EÚ zabezpečujúca medzinárodnú kompatibilitu rámca.

Salvato in:
Dettagli Bibliografici
Autore principale: Silná, Zuzana
Altri autori: Kittová, Zuzana, 1975-
Natura: Capitolo di libro
Lingua:inglese
Soggetti:
Tags: Aggiungi Tag
Nessun Tag, puoi essere il primo ad aggiungerne!!

MARC

LEADER 00000naa a2200000 4500
001 0198391
005 20240502073342.8
041 0 |a eng 
044 |a SK 
245 1 0 |a International trade in conflict minerals: solutions for the EU regulatory framework  |c Zuzana Silná, Zuzana Kittová 
520 |a Regulačné rámce OECD a Európskej komisie pre spravodlivé rozdeľovanie konfliktných zdrojov. Analýza právnych návrhov regulácie a implikácie v EÚ zabezpečujúca medzinárodnú kompatibilitu rámca. 
610 2 0 |a suroviny nerastné 
610 2 0 |a ťažba nerastov 
610 2 0 |a konflikty 
610 2 0 |a regulácia 
610 2 0 |a OECD 
610 2 0 |a Európska komisia 
610 2 0 |a podnikanie zodpovedné 
610 2 0 |a zodpovednosť podniku spoločenská 
100 1 |a Silná, Zuzana 
700 1 |a Kittová, Zuzana, 1975-